|
|
|
|
| LEADER |
00000cam a2200000 i 4500 |
| 001 |
1/54499 |
| 008 |
941103s1979 gr ||| | gre|| |
| 020 |
|
|
|a 9602110775
|
| 035 |
|
|
|a 1994
|c ΒΙΒΛΙΟΘΗΚΗ
|l 10045014
|
| 040 |
|
|
|a GR-MyUA
|b gre
|e AACR2
|
| 041 |
0 |
|
|a gre
|
| 082 |
0 |
|
|a 889.3
|
| 100 |
1 |
|
|a Πετρόπουλος, Ηλίας,
|d 1928-2003.
|
| 245 |
1 |
0 |
|a Εγχειρίδιον του καλού κλέφτη :
|b Λαικόν και μακάβριον ευθυμογράφημα /
|c Ηλία Πετρόπουλου ; εικονογράφηση Kerleroux.
|
| 250 |
|
|
|a 20η εκδ.
|
| 260 |
|
|
|a Αθήνα :
|b Νεφέλη,
|c 1979.
|
| 300 |
|
|
|a 303 σ. ;
|c 24 εκ.
|
| 650 |
0 |
0 |
|a Children's literature, Greek (Modern)
|
| 650 |
0 |
0 |
|a Greek prose literature, Modern.
|
| 700 |
1 |
|
|a Kerleroux, Jean-Marie,
|e ill
|
| 852 |
|
|
|a INST
|b SAMOS
|e 19941103
|h 889.3 ΠΕΤ
|p 005300006570
|q 005300006570
|t BK
|y 0
|
| 909 |
|
|
|a Σ
|b 034657
|